Normal view
MARC view
Entry Término temático
001 - NÚMERO DE CONTROL
- campo de control: 175700
003 - IDENTIFICADOR DEL NÚMERO DE CONTROL
- campo de control: OSt
005 - FECHA Y HORA DE LA ÚLTIMA TRANSACCIÓN
- campo de control: 20220601054933.0
008 - DATOS DE LONGITUD FIJA
- campo de control de longitud fija: 220601|| aca||aabn | a|a d
040 ## - FUENTE DE LA CATALOGACIÓN
- Centro catalogador/agencia de origen: OSt
- Centro/agencia transcriptor: OSt
150 ## - ENCABEZAMIENTO--TÉRMINO DE MATERIA
- Término de materia o nombre geográfico como elemento de entrada: 1. Alimentos-Control de calidad2. Alimentos-ConservaciónÌ
670 ## - FUENTE DE DATOS ENCONTRADOS
- Cita de la fuente: Work cat.: (OSt)209261: Secretaría de salud dirección general de control sanitario de bienes y servicios. México 147844, Aplicación del análisis de riesgos, identificación y control de puntos críticos en la elaboración de conservas enlatadas no acidificados / S.S.A. México
